000 00643nam a2200277Ia 4500
005 20260324143128.0
008 008 260324s9999 xx 000 0 eng d
020 _a9781351328647
037 _aEBOOK
040 _aCRL
040 _beng
040 _cCRL
041 _2eng
041 _aeng
084 _qCRL
100 _aBryan Green
_91210542
245 0 _aGerontology and the Construction of Old Age
260 _bTaylor and Francis
260 _c1993
365 _a
365 _b170
856 _uhttp://www.taylorfrancis.com/books/9781351328647
942 _cEBOOK
999 _c1819533
_d1819533